000 00727nam a2200265Ia 4500
001 Para_7780
003 CHAP
008 220125s1962 xx 000 0 und d
010 _a206780
040 _cCHAP
082 _aPA 589.2 A54Y
100 _aAlexopoulos, Constantine John
_93843
245 _aIntroducción a la micología /
_c por Constantine John Alexopoulus
260 _aBuenos Aires :
_b Editorial Universitaria de Buenos Aires
300 _a615 p.
650 _aHongos
_956084
650 _aMicología
_975476
901 _aPA 589.2 A54Y
902 _aA
905 _a0000001962 a 0000000000 00
910 _a1962
942 _cPARA
942 _cPARA
_d1
999 _c206780
_d206780